| 000 | 01392cam a2200397 i 4500 | ||
|---|---|---|---|
| 001 | 768714001 | ||
| 003 | CO-MdFUSB | ||
| 005 | 20220310165147.0 | ||
| 007 | ta | ||
| 008 | 010720t2004 sp | ||| ||spa | ||
| 020 | _a958917695X | ||
| 040 |
_aSpMaBN _bspa _cCO-MdFUSB _erdc _dCO-MdFUSBC |
||
| 041 | _aspa | ||
| 041 | _aheb | ||
| 082 |
_223 _a492.4 _bO78 |
||
| 100 | 1 |
_aOrtiz V., Pedro _d1928- _eautor |
|
| 245 | 1 | 0 |
_aLéxico hebreo-español, arameo-español y español-hebreo, español-arameo. _c/ Pedro Ortiz V. |
| 246 | _aLéxico hebreo español, arameo español y español hebreo, español arameo. | ||
| 250 | _aSegunda edición revisada y aumentada | ||
| 264 | 1 |
_aBogotá, Colombia : _b Pontificia Universidad Javeriana, _c[2004] |
|
| 264 | 4 | _c© 2004 | |
| 300 |
_a311 páginas ; _c22 cm |
||
| 336 |
_2rdacontent _atexto _btxt |
||
| 337 |
_2rdamedia _asin mediación _bn |
||
| 338 |
_2rdacarrier _avolumen _bnc |
||
| 490 | 1 | _aTeología Hoy | |
| 563 | _aRústico | ||
| 650 | 7 |
_aLengua hebrea bíblica _vDiccionarios _xEspañol _2embne |
|
| 650 | 7 |
_aLengua española _vDiccionarios _xHebreo bíblico _2embne |
|
| 650 | 7 |
_aLengua aramea bíblica _vDiccionarios _xEspañol _2embne |
|
| 650 | 7 |
_aLengua española _vDiccionarios _xArameo bíblico _2embne |
|
| 830 | 1 |
_aTeología Hoy _vn° 26 |
|
| 942 | _cREF | ||
| 945 | _aJTF-925 | ||
| 999 |
_c67338 _d67338 |
||